Collectivisme et révolution / (Record no. 106203)

MARC details
000 -LEADER
campo de control de longitud fija 00688nam a2200229 i 4500
001 - NÚMERO DE CONTROL
campo de control 106203
003 - IDENTIFICADOR DE NÚMERO DE CONTROL
campo de control ES-MaACL
007 - CAMPO FIJO DE DESCRIPCIÓN FÍSICA--INFORMACIÓN GENERAL
campo de control de longitud fija t|
008 - DATOS DE LONGITUD FIJA--INFORMACIÓN GENERAL
campo de control de longitud fija 061009s1945 fr ||||1| fre d
080 ## - NÚMERO DE LA CLASIFICACIÓN DECIMAL UNIVERSAL
Número de la Clasificación Decimal Universal 330.84/.86(44)
100 1# - ENTRADA PRINCIPAL--NOMBRE DE PERSONA
Nombre de persona Guesde, Jules.
9 (RLIN) 60600
245 10 - MENCIÓN DEL TÍTULO
Título Collectivisme et révolution /
Mención de responsabilidad, etc. Jules Guesde.
260 ## - PUBLICACIÓN, DISTRIBUCIÓN, ETC.
Lugar de publicación, distribución, etc. Paris :
Nombre del editor, distribuidor, etc. Editions de la Liberté,
Fecha de publicación, distribución, etc. 1945.
300 ## - DESCRIPCIÓN FÍSICA
Extensión 120 p. ;
Dimensiones 19 cm.
490 1# - MENCIÓN DE SERIE
Mención de serie Spartacus. Série B ;
Designación de volumen o secuencia 13
500 ## - NOTA GENERAL
Nota general Título tomado de la cubierta.
500 ## - NOTA GENERAL
Nota general Biblioteca Juan Andrade.
650 14 - PUNTO DE ACCESO ADICIONAL DE MATERIA--TÉRMINO DE MATERIA
Término de materia o nombre geográfico como elemento de entrada Socialismo-
Subdivisión geográfica Francia.
9 (RLIN) 17161
830 0# - PUNTO DE ACCESO ADICIONAL DE SERIE-TÍTULO UNIFORME
Título uniforme Spartacus. Série B ;
Designación de volumen o secuencia 13
9 (RLIN) 185153
852 ## - LOCALIZACIÓN
Ubicación ES-MaACL
Número de control de estantería AND-765
Sublocalización o colección R.110061
Holdings
Estatus retirado Estado de pérdida Estado de daño No para préstamo Biblioteca de origen Biblioteca actual Ubicación en estantería Fecha de adquisición Fuente de adquisición Total de préstamos Signatura topográfica completa Código de barras Visto por última vez Precio de reemplazo Tipo de ítem Koha
        Biblioteca del Ateneo de Madrid Biblioteca del Ateneo de Madrid Depósito 2 17/01/2008     AND-765 1110869 23/02/2023 23/02/2023 Libro impreso